000 00294nam a2200121Ia 4500
005 20251222144656.0
008 251222s9999||||xx |||||||||||||| ||spa||
082 _a301.445/B65
100 _aBodin, Louis
245 0 _aLos Intelectuales
264 _bUniversitaria de Buenos Aires
942 _cLIB
999 _c17244
_d17244